000 00267nam a22001217a 4500
003 OSt
008 250212b |||||||| |||| 00| 0 eng d
041 _aeng
082 _a551.48
_bSUB/EN
100 _aSubramanya, K
_9149
245 _aEngineering Hydrology
942 _cBK
999 _c19363
_d19363